MARC details
| 000 -LEADER |
| fixed length control field |
02010pam a2200445 a 4500 |
| 001 - CONTROL NUMBER |
| control field |
14878647 |
| 005 - DATE AND TIME OF LATEST TRANSACTION |
| control field |
20220204084048.0 |
| 008 - FIXED-LENGTH DATA ELEMENTS--GENERAL INFORMATION |
| fixed length control field |
070604s2007 enk b 001 0 eng |
| 010 ## - LIBRARY OF CONGRESS CONTROL NUMBER |
| LC control number |
2007274576 |
| 015 ## - NATIONAL BIBLIOGRAPHY NUMBER |
| National bibliography number |
GBA622714 |
| Source |
bnb |
| 016 7# - NATIONAL BIBLIOGRAPHIC AGENCY CONTROL NUMBER |
| Record control number |
013402765 |
| Source |
Uk |
| 020 ## - INTERNATIONAL STANDARD BOOK NUMBER |
| International Standard Book Number |
9780199263851 (set : alk. paper) |
| 020 ## - INTERNATIONAL STANDARD BOOK NUMBER |
| International Standard Book Number |
019926385X (set : alk. paper) |
| 020 ## - INTERNATIONAL STANDARD BOOK NUMBER |
| International Standard Book Number |
0199263833 (v. 1 : alk. paper) |
| 020 ## - INTERNATIONAL STANDARD BOOK NUMBER |
| International Standard Book Number |
9780199263837 (v. 1 : alk. paper) |
| 020 ## - INTERNATIONAL STANDARD BOOK NUMBER |
| International Standard Book Number |
0199263841 (v. 2 : alk. paper) |
| 020 ## - INTERNATIONAL STANDARD BOOK NUMBER |
| International Standard Book Number |
9780199263844 (v. 2 : alk. paper) |
| 035 ## - SYSTEM CONTROL NUMBER |
| System control number |
(OCoLC)ocm64097280 |
| 040 ## - CATALOGING SOURCE |
| Original cataloging agency |
UKM |
| Transcribing agency |
UKM |
| Modifying agency |
BAKER |
| -- |
BWKUK |
| -- |
YDXCP |
| -- |
DLC |
| 042 ## - AUTHENTICATION CODE |
| Authentication code |
ukblsr |
| -- |
lccopycat |
| 100 1# - MAIN ENTRY--PERSONAL NAME |
| Personal name |
Hume, David, |
| Dates associated with a name |
1711-1776. |
| 9 (RLIN) |
26 |
| 245 12 - TITLE STATEMENT |
| Title |
A treatise of human nature |
| Medium |
[electronic resource] : |
| Remainder of title |
a critical edition / |
| Statement of responsibility, etc |
David Hume ; edited by David Fate Norton and Mary J. Norton. |
| 260 ## - PUBLICATION, DISTRIBUTION, ETC. (IMPRINT) |
| Place of publication, distribution, etc |
Oxford : |
| Name of publisher, distributor, etc |
Clarendon Press ; |
| Place of publication, distribution, etc |
New York : |
| Name of publisher, distributor, etc |
Oxford University Press, |
| Date of publication, distribution, etc |
2007. |
| 300 ## - PHYSICAL DESCRIPTION |
| Extent |
2 v. (xvi, 1173 p.) ; |
| Dimensions |
24 cm. |
| 336 ## - CONTENT TYPE |
| Content Type Term |
text |
| 337 ## - MEDIA TYPE |
| Media Type Term |
computer |
| 338 ## - CARRIER TYPE |
| Carrier Type Term |
online resource |
| 440 ## - SERIES STATEMENT/ADDED ENTRY--TITLE |
| Title |
The Clarendon edition of the works of David Hume ; |
| Volume number/sequential designation |
Vol. 1 |
| 504 ## - BIBLIOGRAPHY, ETC. NOTE |
| Bibliography, etc |
Includes bibliographical references and index. |
| 505 0# - FORMATTED CONTENTS NOTE |
| Formatted contents note |
v. 1. Texts -- v. 2. Editorial material, including, historical account of A treatise of human nature from its beginnings to the time of Hume's death / David Fate Norton. |
| 650 #0 - SUBJECT ADDED ENTRY--TOPICAL TERM |
| Topical term or geographic name as entry element |
Knowledge, Theory of. |
| 655 ## - INDEX TERM--GENRE/FORM |
| Genre/form data or focus term |
electronic books |
| 700 1# - ADDED ENTRY--PERSONAL NAME |
| Personal name |
Norton, David Fate |
| Title of a work |
Historical account of A treatise of human nature from its beginnings to the time of Hume's death. |
| 700 1# - ADDED ENTRY--PERSONAL NAME |
| Personal name |
Norton, Mary J. |
| 800 1# - SERIES ADDED ENTRY--PERSONAL NAME |
| Personal name |
Hume, David, |
| Dates associated with a name |
1711-1776. |
| Title of a work |
Works. |
| Date of a work |
1998. |
| 856 ## - ELECTRONIC LOCATION AND ACCESS |
| Uniform Resource Identifier |
<a href="https://drive.google.com/file/d/1LfqFwtSj3RMc8rMk8IJ-CI5m9-SFMh5L/view?usp=sharing">https://drive.google.com/file/d/1LfqFwtSj3RMc8rMk8IJ-CI5m9-SFMh5L/view?usp=sharing</a> |
| 906 ## - LOCAL DATA ELEMENT F, LDF (RLIN) |
| a |
7 |
| b |
cbc |
| c |
copycat |
| d |
2 |
| e |
ncip |
| f |
20 |
| g |
y-gencatlg |
| 942 ## - ADDED ENTRY ELEMENTS (KOHA) |
| Source of classification or shelving scheme |
Library of Congress Classification |
| Item type |
eBooks |